<?xml version="1.0" encoding="UTF-8"?><?xml-stylesheet type="text/xsl" href="static/style.xsl"?><OAI-PMH xmlns="http://www.openarchives.org/OAI/2.0/" xmlns:xsi="http://www.w3.org/2001/XMLSchema-instance" xsi:schemaLocation="http://www.openarchives.org/OAI/2.0/ http://www.openarchives.org/OAI/2.0/OAI-PMH.xsd"><responseDate>2026-04-18T15:32:36Z</responseDate><request verb="GetRecord" identifier="oai:riubu.ubu.es:10259/11084" metadataPrefix="marc">https://riubu.ubu.es/oai/request</request><GetRecord><record><header><identifier>oai:riubu.ubu.es:10259/11084</identifier><datestamp>2025-11-22T23:00:53Z</datestamp><setSpec>com_10259_2699</setSpec><setSpec>col_10259_5732</setSpec></header><metadata><record xmlns="http://www.loc.gov/MARC21/slim" xmlns:doc="http://www.lyncode.com/xoai" xmlns:xsi="http://www.w3.org/2001/XMLSchema-instance" xmlns:dcterms="http://purl.org/dc/terms/" xsi:schemaLocation="http://www.loc.gov/MARC21/slim http://www.loc.gov/standards/marcxml/schema/MARC21slim.xsd">
<leader>00925njm 22002777a 4500</leader>
<datafield tag="042" ind1=" " ind2=" ">
<subfield code="a">dc</subfield>
</datafield>
<datafield tag="720" ind1=" " ind2=" ">
<subfield code="a">González Asenjo, David</subfield>
<subfield code="e">author</subfield>
</datafield>
<datafield tag="260" ind1=" " ind2=" ">
<subfield code="c">2025</subfield>
</datafield>
<datafield tag="520" ind1=" " ind2=" ">
<subfield code="a">The energy transition, driven by pressure from climate change, dependence on fossil&#xd;
fuels, and a growing social awareness of environmental sustainability, places&#xd;
Energy Communities (ECs) as a key vehicle to democratise the energy system and&#xd;
accelerate this transformation.&#xd;
ECs enable groups of prosumers to cooperate in local energy exchange, generating&#xd;
added economic value in the process. However, their successful implementation&#xd;
faces several challenges, such as the fair and efficient allocation of the costs and&#xd;
benefits generated by that cooperation.&#xd;
The scientific literature has explored various cost allocation methods. However,&#xd;
there is a lack of a unified framework to evaluate and compare them systematically.&#xd;
Concepts like fairness, efficiency, and stability are fundamental for the social&#xd;
acceptance and long-term sustainability of ECs, but their definitions in the literature&#xd;
often lack precision and objectivity.&#xd;
The main objective of this thesis is to design and validate a methodological&#xd;
framework for evaluating cost-allocation methods within Energy Communities.&#xd;
Our working methodology adopts a dual approach, combining rigorous theoretical&#xd;
analysis with data-driven simulations.&#xd;
We define an EC archetype that leads to the formalisation of a local energy-market&#xd;
(LEM) economic model based on a market clearing algorithm and a cost/benefit&#xd;
allocation algorithm within the community.&#xd;
We evaluate several families of cost-allocation methods: Price-Based (PB), RuleBased (RB), Surplus-Based (SB), and Game-Theoretic (GT). To overcome the&#xd;
subjectivity of traditional principles, we establish a set of eight desirable properties&#xd;
with precise, objective mathematical formulations: parity among equals, disparity&#xd;
among unequals, pareto efficiency, beneficial individual participation, rank&#xd;
correlation between costs and overconsumption, smoothness, environmental&#xd;
friendliness, and beneficial group participation (stability).</subfield>
</datafield>
<datafield tag="520" ind1=" " ind2=" ">
<subfield code="a">La transición energética, impulsada por la presión del cambio climático, la&#xd;
dependencia de los combustibles fósiles y una creciente conciencia social sobre la&#xd;
sostenibilidad ambiental, coloca a las Comunidades Energéticas (CEs) como un&#xd;
vehículo clave para democratizar el sistema energético y acelerar esta transición&#xd;
Las CEs permiten a grupos de prosumidores cooperar en el intercambio local de&#xd;
energía, generando un valor económico añadido en el proceso. No obstante, su&#xd;
implementación exitosa enfrenta varios desafíos, tales como la asignación justa y&#xd;
eficiente de los costes y beneficios generados por dicha cooperación.&#xd;
La literatura científica ha explorado diversos métodos de asignación de costes, sin&#xd;
embargo, no existe un marco unificado para evaluarlos y compararlos&#xd;
sistemáticamente. Conceptos como justicia, eficiencia y estabilidad son&#xd;
fundamentales para la aceptación social y la sostenibilidad a largo plazo de las CE,&#xd;
pero sus definiciones en la literatura a menudo carecen de precisión y objetividad.&#xd;
El objetivo principal de esta tesis es diseñar y validar un marco metodológico para&#xd;
evaluar métodos de asignación de costes dentro de Comunidades Energéticas.&#xd;
La metodología de trabajo adopta un enfoque dual, combinando el análisis teórico&#xd;
riguroso con simulaciones basadas en datos.&#xd;
Se define un arquetipo de CE que deriva en la formalización de un modelo&#xd;
económico de mercado local de energía (LEM) basado en un algoritmo de vaciado&#xd;
de mercado y un algoritmo de asignación de costes y beneficios dentro de la&#xd;
comunidad&#xd;
Se evalúan varias familias de métodos de asignación de costes: Price-Based (PB),&#xd;
Rule-Based (RB), Surplus-Based (SB) y Game-Theoretic (GT). Para superar la&#xd;
subjetividad de los principios tradicionales, se define un conjunto de ocho&#xd;
propiedades deseables con formulaciones matemáticas precisas y objetivas,&#xd;
permitiendo una evaluación replicable. Estas propiedades incluyen: paridad entre&#xd;
iguales, disparidad entre desiguales, eficiencia de Pareto, participación individual&#xd;
beneficiosa, correlación de ranking entre costes y sobreconsumo, suavidad,&#xd;
respeto al medio ambiente y participación grupal beneficiosa (estabilidad).</subfield>
</datafield>
<datafield tag="024" ind2=" " ind1="8">
<subfield code="a">https://hdl.handle.net/10259/11084</subfield>
</datafield>
<datafield tag="024" ind2=" " ind1="8">
<subfield code="a">10.36443/10259/11084</subfield>
</datafield>
<datafield ind1=" " ind2=" " tag="653">
<subfield code="a">Energy Communities</subfield>
</datafield>
<datafield ind1=" " ind2=" " tag="653">
<subfield code="a">Cost Allocation</subfield>
</datafield>
<datafield ind1=" " ind2=" " tag="653">
<subfield code="a">Fairness</subfield>
</datafield>
<datafield ind1=" " ind2=" " tag="653">
<subfield code="a">Efficiency</subfield>
</datafield>
<datafield ind1=" " ind2=" " tag="653">
<subfield code="a">Local Energy Market</subfield>
</datafield>
<datafield ind1=" " ind2=" " tag="653">
<subfield code="a">Game Theory</subfield>
</datafield>
<datafield ind1=" " ind2=" " tag="653">
<subfield code="a">Comunidades Energéticas</subfield>
</datafield>
<datafield ind1=" " ind2=" " tag="653">
<subfield code="a">Asignación de Costes</subfield>
</datafield>
<datafield ind1=" " ind2=" " tag="653">
<subfield code="a">Justicia</subfield>
</datafield>
<datafield ind1=" " ind2=" " tag="653">
<subfield code="a">Eficiencia</subfield>
</datafield>
<datafield ind1=" " ind2=" " tag="653">
<subfield code="a">Mercado Energético Local</subfield>
</datafield>
<datafield ind1=" " ind2=" " tag="653">
<subfield code="a">Teoría de Juegos</subfield>
</datafield>
<datafield tag="245" ind1="0" ind2="0">
<subfield code="a">Evaluating Cost Allocation Methods in Energy Communities: an assessment framework based on Fairness and Efficiency</subfield>
</datafield>
</record></metadata></record></GetRecord></OAI-PMH>